LIBRARY & INFORMATION CENTRE, KCAET, TAVANUR

ONLINE PUBLIC ACCESS CATALOGUE (OPAC)

Development and evaluation of protein enriched RTE extruded food products (Record no. 15779)

MARC details
000 -LEADER
fixed length control field 00493nam a22001457a 4500
003 - CONTROL NUMBER IDENTIFIER
control field OSt
008 - FIXED-LENGTH DATA ELEMENTS--GENERAL INFORMATION
fixed length control field 191016b ||||| |||| 00| 0 eng d
082 ## - DEWEY DECIMAL CLASSIFICATION NUMBER
Classification number 664
Item number ATH/DE
100 ## - MAIN ENTRY--AUTHOR NAME
Personal name Athira K
245 ## - TITLE STATEMENT
Title Development and evaluation of protein enriched RTE extruded food products
260 ## - PUBLICATION, DISTRIBUTION, ETC. (IMPRINT)
Place of publication Tavanur
Name of publisher Department of Processing and food engineering
Year of publication 2019
700 ## - ADDED ENTRY--PERSONAL NAME
Personal name Rajesh g k (Guide)
856 ## - ELECTRONIC LOCATION AND ACCESS
Uniform Resource Identifier <a href="https://drive.google.com/open?id=1fXwKyh4H7P7kU1UyLO_ZAG_KwLkjdRF0">https://drive.google.com/open?id=1fXwKyh4H7P7kU1UyLO_ZAG_KwLkjdRF0</a>
942 ## - ADDED ENTRY ELEMENTS (KOHA)
Koha item type Theses
Holdings
Withdrawn status Lost status Damaged status Home library Current library Date acquired Full call number Accession Number Koha item type Public note
      KAUAET KAUAET 16/10/2019 664 ATH/DE T 466 Theses M.Tech Thesis
free website counter